Motorfahrzeugstatistik Fürstentum Liechtenstein 1. Juli 2002

Guardado en:
Detalles Bibliográficos
Formato: Libro
Lenguaje:alemán
Publicado: Vaduz Amt für Volkswirtschaft 2002
Materias:
Etiquetas: Agregar Etiqueta
Sin Etiquetas, Sea el primero en etiquetar este registro!

MARC

LEADER 00000nam a2200000 4500
001 c142970
005 20251217125127.9
041 0 |a ger 
044 |a LI 
245 1 0 |a Motorfahrzeugstatistik Fürstentum Liechtenstein  |b 1. Juli 2002 
264 1 |a Vaduz  |b Amt für Volkswirtschaft  |c 2002 
300 |a 88 s. 
610 2 0 |a Lichtenštajnsko 
610 2 0 |a motorizmus